Countries Where King Charles III is Head of State - Statistics

General Stats
  • This quiz has been taken 25 times
  • The average score is 13 of 15
Answer Stats
Hint Answer % Correct
Oceania Australia
100%
North America Canada
100%
Oceania New Zealand
100%
North America Jamaica
91%
Oceania Tuvalu
91%
Europe United Kingdom
91%
North America Belize
86%
North America Grenada
86%
Oceania Solomon Islands
86%
North America The Bahamas
86%
North America Saint Lucia
77%
North America Antigua and Barbuda
73%
Oceania Papua New Guinea
73%
North America Saint Kitts and Nevis
73%
North America Saint Vincent and the Grenadines
73%
No matching quizzes found
Score Distribution
Percent of People with Each Score
Percentile by Number Answered
Your Score History
You have not taken this quiz